[Event "Chigorin Memorial"]
[Site "St Petersburg"]
[Date "2016.10.21"]
[Round "7.50"]
[White "Azimov, Ilyas"]
[Black "Gubajdullin, Alexei"]
[Result "1-0"]
[WhiteElo "2151"]
[BlackElo "2367"]
[PlyCount "93"]
[EventDate "2016.10.15"]
[EventType "swiss"]
[EventRounds "9"]
[EventCountry "RUS"]

1. d4 Nf6 2. Nf3 c5 3. d5 b5 4. c4 Bb7 5. Qc2 Na6 6. Nc3 Qa5 7. Bd2 bxc4 8. e4
Nb4 9. Qb1 Nd3+ 10. Bxd3 cxd3 11. e5 Ng4 12. Qxd3 Qa6 13. Nb5 Rc8 14. a4 f6 15.
Bc3 fxe5 16. Nxe5 Nf6 17. O-O Nxd5 18. Rfe1 Nf6 19. Nxd7 Nxd7 20. Nd6+ Kd8 21.
Ba5+ Rc7 22. Bxc7+ Kxc7 23. Nb5+ Kd8 24. Rad1 Qc6 25. Qg3 e5 26. Nxa7 Qg6 27.
Qh3 Qf7 28. Rxe5 g5 29. Rxg5 Bg7 30. Qg3 Bd4 31. Nb5 h6 32. Nd6 Qxf2+ 33. Qxf2
Bxf2+ 34. Kxf2 hxg5 35. Nf7+ Ke7 36. Nxh8 Nf8 37. a5 c4 38. Rd4 Ba6 39. Rd5 Ne6
40. Ng6+ Kf6 41. Ne5 Bc8 42. Nxc4 Nf4 43. Rd6+ Ke7 44. a6 Be6 45. Rxe6+ Nxe6
46. a7 Nc7 47. Nb6 1-0

[Event "Chigorin Memorial"]
[Site "St Petersburg"]
[Date "2016.10.21"]
[Round "7.52"]
[White "Feduk, Viktor"]
[Black "Sanzhaev, Darsen"]
[Result "1/2-1/2"]
[WhiteElo "2150"]
[BlackElo "2353"]
[PlyCount "85"]
[EventDate "2016.10.15"]
[EventType "swiss"]
[EventRounds "9"]
[EventCountry "RUS"]

1. e4 e5 2. Nf3 Nc6 3. Nc3 Nf6 4. g3 d5 5. exd5 Nxd5 6. Bg2 Nxc3 7. bxc3 Bc5 8.
O-O O-O 9. Re1 Qf6 10. d3 Bg4 11. h3 Bh5 12. g4 Bg6 13. Bg5 Qd6 14. Nxe5 Nxe5
15. d4 Nc6 16. dxc5 Qxc5 17. Qd2 Rfe8 18. Qd7 Rxe1+ 19. Rxe1 h6 20. Bd2 Rd8 21.
Re8+ Rxe8 22. Qxe8+ Kh7 23. Qd7 Qb6 24. Be3 Qa5 25. Qc8 Qxc3 26. Qxc7 a5 27.
Qxb7 Nb4 28. h4 h5 29. gxh5 Qa1+ 30. Kh2 Qe5+ 31. Kg1 Qxh5 32. c4 Nd3 33. Qd5
Qxh4 34. c5 Ne1 35. c6 Qg4 36. c7 Bf5 37. Kh2 a4 38. a3 f6 39. c8=Q Bxc8 40.
Qe4+ Bf5 41. Qxg4 Bxg4 42. Bc6 Bd1 43. Bd2 1/2-1/2

[Event "Chigorin Memorial"]
[Site "St Petersburg"]
[Date "2016.10.21"]
[Round "7.53"]
[White "Bok, Benjamin"]
[Black "Shchukin, Dmitry"]
[Result "1-0"]
[WhiteElo "2594"]
[BlackElo "2300"]
[PlyCount "107"]
[EventDate "2016.10.15"]
[EventType "swiss"]
[EventRounds "9"]
[EventCountry "RUS"]

1. d4 d5 2. Nf3 c5 3. c4 e6 4. cxd5 exd5 5. g3 Nc6 6. Bg2 Nf6 7. O-O Be7 8.
dxc5 Bxc5 9. Nc3 O-O 10. Na4 Be7 11. Be3 Bg4 12. Rc1 Qd7 13. Nd4 Nxd4 14. Bxd4
Bxe2 15. Qxe2 Qxa4 16. Bxf6 Bxf6 17. Bxd5 Rae8 18. Qf3 Re7 19. Rfe1 Rxe1+ 20.
Rxe1 Qb4 21. Re2 Bxb2 22. Re4 Qb5 23. Re7 Bf6 24. Rxb7 Qc5 25. Qf5 Be7 26. Qe4
Bf6 27. Rxf7 Kh8 28. Qe3 Qd6 29. Rxf8+ Qxf8 30. Qxa7 Be7 31. a4 Bc5 32. Qf7
Qxf7 33. Bxf7 Bb6 34. Kg2 g5 35. f4 Kg7 36. Be8 gxf4 37. gxf4 Kf6 38. Kf3 Bc7
39. Bb5 h6 40. Ke4 Ke6 41. h3 Kd6 42. f5 Bb6 43. Bc4 Bd8 44. Bb3 Ke7 45. Ke5
Bc7+ 46. Kd5 Ba5 47. Kc6 Bc3 48. Kb6 Bd4+ 49. Kb5 Kd6 50. a5 Bc3 51. a6 Bd4 52.
f6 Kd7 53. f7 Ke7 54. Kc6 1-0

[Event "Chigorin Memorial"]
[Site "St Petersburg"]
[Date "2016.10.21"]
[Round "7.54"]
[White "Bykov, Egor"]
[Black "Idani, Pouya"]
[Result "0-1"]
[WhiteElo "2292"]
[BlackElo "2551"]
[PlyCount "90"]
[EventDate "2016.10.15"]
[EventType "swiss"]
[EventRounds "9"]
[EventCountry "RUS"]

1. d4 Nf6 2. Nf3 g6 3. g3 b6 4. Bg2 Bb7 5. O-O Bg7 6. c4 O-O 7. b3 e6 8. Bb2 d5
9. Nbd2 Nbd7 10. Rc1 Rc8 11. Rc2 Qe7 12. Qa1 Rfd8 13. Rfc1 dxc4 14. Rxc4 Ne8
15. R4c2 a5 16. a4 c5 17. Nc4 cxd4 18. Bxd4 Be4 19. Rd2 Bxd4 20. Nxd4 Bxg2 21.
Kxg2 Nc5 22. Qb2 Nd6 23. Kg1 Nxc4 24. Rxc4 e5 25. Nb5 Rxd2 26. Qxd2 Rd8 27. Qc2
Qg5 28. e3 Qh5 29. Kg2 Nd3 30. g4 Qxg4+ 31. Rxg4 Ne1+ 32. Kg3 Nxc2 33. Rc4 Nb4
34. Rc7 Rd2 35. Rb7 Nd3 36. Nd6 Rxf2 37. Rxb6 Re2 38. Kf3 Rxh2 39. Ke4 Rd2 40.
Nc4 Rd1 41. Nxa5 h5 42. Kf3 h4 43. Nc6 Rg1 44. Nb4 e4+ 45. Kxe4 Nxb4 0-1

[Event "Chigorin Memorial"]
[Site "St Petersburg"]
[Date "2016.10.21"]
[Round "7.55"]
[White "Iljiushenok, Ilia"]
[Black "Li, Yankai"]
[Result "1-0"]
[WhiteElo "2505"]
[BlackElo "2298"]
[PlyCount "78"]
[EventDate "2016.10.15"]
[EventType "swiss"]
[EventRounds "9"]
[EventCountry "RUS"]

1. e4 e5 2. Nf3 Nf6 3. Nc3 Nc6 4. d4 Bb4 5. Nxe5 Qe7 6. Nxc6 Qxe4+ 7. Be2 Qxc6
8. O-O Bxc3 9. bxc3 O-O 10. c4 d5 11. cxd5 Nxd5 12. Qd2 Nb6 13. Bf3 Qc4 14. a4
Re8 15. Rb1 Qxa4 16. Rb4 Qa2 17. d5 Bf5 18. Bb2 Nc4 19. Qc3 Nxb2 20. Rxb2 Qa6
21. Qxc7 b6 22. Qf4 Bg6 23. h4 Qa3 24. Rb3 Qc5 25. c4 h6 26. h5 Bh7 27. Rb5 Qa3
28. d6 Rad8 29. Rd5 a5 30. d7 Rf8 31. Qd4 a4 32. Qxb6 Qe7 33. Qd6 Qxd6 34. Rxd6
Bf5 35. Bc6 a3 36. Ra1 Be6 37. Bb5 Ra8 38. c5 a2 39. c6 Rab8 1-0

[Event "Chigorin Memorial"]
[Site "St Petersburg"]
[Date "2016.10.21"]
[Round "7.56"]
[White "Srinath, Rao S.V"]
[Black "Esipenko, Andrey"]
[Result "1/2-1/2"]
[WhiteElo "2279"]
[BlackElo "2490"]
[PlyCount "93"]
[EventDate "2016.10.15"]
[EventType "swiss"]
[EventRounds "9"]
[EventCountry "RUS"]

1. e4 e5 2. Nf3 Nc6 3. d4 exd4 4. Nxd4 Bb4+ 5. c3 Bc5 6. Be3 Bb6 7. g3 Nf6 8.
Bg2 O-O 9. O-O Re8 10. Nd2 d5 11. Nxc6 bxc6 12. Bg5 Ba6 13. Re1 h6 14. Bf4 Qc8
15. h3 dxe4 16. Nxe4 Nd5 17. Qf3 Qe6 18. g4 Nxf4 19. Qxf4 Rad8 20. a4 Qe5 21.
Qxe5 Rxe5 22. b4 Bd3 23. a5 Rde8 24. axb6 cxb6 25. f3 a5 26. bxa5 bxa5 27. Re3
Bc2 28. Re2 Bd3 29. Rea2 Bxe4 30. fxe4 Rc5 31. Rxa5 Rxc3 32. Ra8 Kf8 33. Rxe8+
Kxe8 34. Ra7 Kf8 35. Rc7 g6 36. Kf2 Rc2+ 37. Kg3 Kg7 38. Bf3 Kf6 39. e5+ Ke6
40. Rxc6+ Rxc6 41. Bxc6 Kxe5 42. Be8 Ke6 43. h4 g5 44. Bb5 f5 45. Bd3 gxh4+ 46.
Kxh4 fxg4 47. Kxg4 1/2-1/2

[Event "Chigorin Memorial"]
[Site "St Petersburg"]
[Date "2016.10.21"]
[Round "7.57"]
[White "Egorov, Pavel"]
[Black "Abergel, Thal"]
[Result "0-1"]
[WhiteElo "2257"]
[BlackElo "2475"]
[PlyCount "66"]
[EventDate "2016.10.15"]
[EventType "swiss"]
[EventRounds "9"]
[EventCountry "RUS"]

1. d4 g6 2. c4 Bg7 3. Nc3 c5 4. d5 Bxc3+ 5. bxc3 f5 6. h4 Qa5 7. Bd2 Nf6 8. h5
Rg8 9. hxg6 hxg6 10. e3 d6 11. Nf3 Nbd7 12. Ng5 Nb6 13. Bd3 Bd7 14. e4 fxe4 15.
Nxe4 Nxe4 16. Bxe4 O-O-O 17. Bd3 Bf5 18. Be2 Rh8 19. O-O Rh7 20. Qb3 Rdh8 21.
f3 Bd7 22. Qc2 Qa6 23. Bg5 Bf5 24. Qd2 Qa4 25. Qf4 Nd7 26. Kf2 Ne5 27. Ke3 Rf7
28. Rh1 Re8 29. Qh4 e6 30. Kf2 Qc2 31. dxe6 Bxe6 32. Kf1 Qxc3 33. Rc1 Qb2 0-1

[Event "Chigorin Memorial"]
[Site "St Petersburg"]
[Date "2016.10.21"]
[Round "7.58"]
[White "Khalafova, Narmin"]
[Black "Swayams, Mishra"]
[Result "0-1"]
[WhiteElo "2256"]
[BlackElo "2472"]
[PlyCount "148"]
[EventDate "2016.10.15"]
[EventType "swiss"]
[EventRounds "9"]
[EventCountry "RUS"]

1. e4 e6 2. d4 d5 3. Nd2 Nf6 4. e5 Nfd7 5. Bd3 c5 6. c3 Nc6 7. Ngf3 Be7 8. O-O
O-O 9. Re1 f6 10. exf6 Nxf6 11. h3 Qb6 12. Nf1 Bd7 13. dxc5 Bxc5 14. Qc2 e5 15.
b4 Bxf2+ 16. Qxf2 Qxf2+ 17. Kxf2 e4 18. b5 Na5 19. Ba3 Rfe8 20. Bb4 b6 21. Be2
exf3 22. Kxf3 Nb7 23. Rad1 Rac8 24. Ne3 Be6 25. Rd4 Nc5 26. g4 Nce4 27. c4 dxc4
28. Bxc4 Bxc4 29. Rxc4 Rxc4 30. Nxc4 Rc8 31. Ne3 Rc7 32. Rd1 Ng5+ 33. Kg2 Ne6
34. h4 h6 35. a3 Rf7 36. Rd6 Nf4+ 37. Kh1 Kh7 38. Rd8 Ne4 39. Rf8 Rxf8 40. Bxf8
Nc3 41. Bd6 Ne6 42. a4 Nxa4 43. Bb8 Nd4 44. Bxa7 Nxb5 45. Bb8 Nd4 46. Kg2 b5
47. Nd5 Nc6 48. Bd6 Nb2 49. Kf3 Nc4 50. Bc5 N4e5+ 51. Kg3 Nd3 52. Be3 b4 53. h5
b3 54. g5 Ne7 55. Nc3 Nf5+ 56. Kf3 Ne5+ 57. Ke4 Nxe3 58. g6+ Kg8 59. Kxe3 Ng4+
60. Kd2 Nf6 61. Ne2 Nxh5 62. Kc3 Kf8 63. Kxb3 Ke7 64. Kc4 Kf6 65. Kd3 Kxg6 66.
Ke4 Kg5 67. Kf3 g6 68. Nd4 Ng7 69. Kg2 Nf5 70. Ne6+ Kg4 71. Nf8 g5 72. Nh7 Nh4+
73. Kh2 Kf5 74. Nf8 Nf3+ 0-1

[Event "Chigorin Memorial"]
[Site "St Petersburg"]
[Date "2016.10.21"]
[Round "7.59"]
[White "Obgolts, Erik"]
[Black "Nasuta, Grzegorz"]
[Result "0-1"]
[WhiteElo "2217"]
[BlackElo "2454"]
[PlyCount "54"]
[EventDate "2016.10.15"]
[EventType "swiss"]
[EventRounds "9"]
[EventCountry "RUS"]

1. e4 c5 2. Nf3 e6 3. b3 b6 4. Bb2 Bb7 5. Nc3 Nc6 6. Be2 Be7 7. d4 cxd4 8. Nxd4
a6 9. O-O Bf6 10. Nxc6 Bxc6 11. Qd3 Ne7 12. f4 Ng6 13. e5 Be7 14. Ne4 Bxe4 15.
Qxe4 O-O 16. g3 d6 17. exd6 Qxd6 18. Rad1 Qc5+ 19. Bd4 Qc7 20. f5 exf5 21. Rxf5
Rae8 22. Bc4 Bf6 23. Qf3 Bxd4+ 24. Rxd4 Ne5 25. Qf2 Nxc4 26. Rxc4 Qd6 27. Rff4
Qd1+ 0-1

[Event "Chigorin Memorial"]
[Site "St Petersburg"]
[Date "2016.10.21"]
[Round "7.60"]
[White "Lagashin, Pavel"]
[Black "Enkhnar, Enkhbaatar"]
[Result "0-1"]
[WhiteElo "2212"]
[BlackElo "2451"]
[PlyCount "70"]
[EventDate "2016.10.15"]
[EventType "swiss"]
[EventRounds "9"]
[EventCountry "RUS"]

1. d4 Nf6 2. c4 e6 3. Nc3 d5 4. Nf3 Nbd7 5. Bf4 dxc4 6. e3 Nb6 7. Bxc4 Nxc4 8.
Qa4+ c6 9. Qxc4 Nd5 10. O-O Nxf4 11. exf4 Bd6 12. Ne5 O-O 13. Ne4 Be7 14. Rfe1
Qd5 15. Qd3 Rd8 16. Ng5 Bxg5 17. fxg5 b6 18. Re4 Ba6 19. Qf3 Rf8 20. Rae1 c5
21. Qh3 cxd4 22. Rh4 Qa5 23. b4 Qxb4 24. Rd1 Qa4 25. Ra1 Qc2 26. g6 Rac8 27.
Rxd4 hxg6 28. Nf3 Qc1+ 29. Rd1 Qf4 30. Ne1 Qc4 31. Nf3 Rfd8 32. Re1 Qf4 33. Re3
Bb7 34. Ne5 Rc2 35. Rf1 Rxf2 0-1

[Event "Chigorin Memorial"]
[Site "St Petersburg"]
[Date "2016.10.21"]
[Round "7.61"]
[White "Ungurs, Edgars"]
[Black "Usmanov, Vasily"]
[Result "0-1"]
[WhiteElo "2140"]
[BlackElo "2431"]
[PlyCount "64"]
[EventDate "2016.10.15"]
[EventType "swiss"]
[EventRounds "9"]
[EventCountry "RUS"]

1. c4 e5 2. g3 Nc6 3. Nc3 d6 4. Bg2 g6 5. Rb1 a5 6. a3 Bg7 7. b4 axb4 8. axb4
f5 9. b5 Nce7 10. e3 Nf6 11. Nge2 O-O 12. Qb3 Kh8 13. O-O c6 14. Ba3 Be6 15. d3
g5 16. bxc6 bxc6 17. Qb4 Ne8 18. f4 gxf4 19. gxf4 Bf6 20. Kh1 Qd7 21. c5 d5 22.
fxe5 Bxe5 23. Bb2 Rb8 24. Qa3 Nf6 25. Nf4 d4 26. Nce2 Ra8 27. Qb4 Ned5 28. Qe1
Nxe3 29. Nxe6 Nxg2 30. Kxg2 Qxe6 31. Nxd4 Qg8+ 32. Kf2 Ng4+ 0-1

[Event "Chigorin Memorial"]
[Site "St Petersburg"]
[Date "2016.10.21"]
[Round "7.62"]
[White "Vlasenko, Miroslav"]
[Black "Rakhmangulova, Anastasiya"]
[Result "0-1"]
[WhiteElo "2422"]
[BlackElo "2251"]
[PlyCount "86"]
[EventDate "2016.10.15"]
[EventType "swiss"]
[EventRounds "9"]
[EventCountry "RUS"]

1. d4 d5 2. c4 Nc6 3. Nf3 e5 4. cxd5 Qxd5 5. Nc3 Bb4 6. Bd2 Bxc3 7. Bxc3 e4 8.
Nd2 e3 9. fxe3 Nf6 10. e4 Nxe4 11. Nxe4 Qxe4 12. d5 Ne7 13. d6 cxd6 14. Bxg7
Rg8 15. Qd4 Bf5 16. Bf6 Qxd4 17. Bxd4 Be4 18. Kf2 Nc6 19. Bc3 b5 20. a3 a5 21.
e3 Ke7 22. Rg1 b4 23. Bd2 Rgb8 24. a4 Ne5 25. Bb5 Bd3 26. Bxd3 Nxd3+ 27. Ke2
Nxb2 28. Rgb1 Nc4 29. Be1 Rc8 30. Bh4+ Kd7 31. Bf6 Ne5 32. Rb2 Ke6 33. Bh4 Rc4
34. Bg3 Rac8 35. Rd1 Rc2+ 36. Rd2 Rxb2 37. Rxb2 Rc3 38. Ra2 Nc4 39. Be1 Rxe3+
40. Kd1 b3 41. Ra1 b2 42. Rb1 Rxe1+ 43. Kxe1 Kd5 0-1

[Event "Chigorin Memorial"]
[Site "St Petersburg"]
[Date "2016.10.21"]
[Round "7.63"]
[White "Shuvalova, Polina"]
[Black "Ovchinnikov, Vsevolod"]
[Result "1/2-1/2"]
[WhiteElo "2393"]
[BlackElo "2263"]
[PlyCount "83"]
[EventDate "2016.10.15"]
[EventType "swiss"]
[EventRounds "9"]
[EventCountry "RUS"]

1. d4 d5 2. c4 c6 3. cxd5 cxd5 4. Nc3 Nf6 5. Bf4 a6 6. e3 Nc6 7. Bd3 Bg4 8.
Nge2 e6 9. O-O Bh5 10. Na4 Bg6 11. a3 Bd6 12. Nc5 Bxc5 13. dxc5 O-O 14. Bd6 Re8
15. f3 b6 16. b4 bxc5 17. bxc5 Na5 18. Bg3 Rc8 19. Nf4 Rxc5 20. Nxg6 hxg6 21.
Qa4 Rc3 22. Rad1 Nc4 23. Bxc4 Rxc4 24. Qxa6 Qa8 25. Qxa8 Rxa8 26. Bd6 Nd7 27.
Rb1 Rc6 28. Be7 Nb6 29. Rb5 Nc4 30. Rc1 Rca6 31. e4 Nxa3 32. Bxa3 Rxa3 33. exd5
exd5 34. Rxd5 Ra2 35. Rcd1 Rb2 36. Rd8+ Rxd8 37. Rxd8+ Kh7 38. h3 g5 39. Kh2 f6
40. Kg3 Kg6 41. Rd7 Ra2 42. Rc7 1/2-1/2

[Event "Chigorin Memorial"]
[Site "St Petersburg"]
[Date "2016.10.21"]
[Round "7.64"]
[White "Saveliev, Alexei"]
[Black "Cherednichenko, Dmitrij"]
[Result "0-1"]
[WhiteElo "2392"]
[BlackElo "2231"]
[PlyCount "106"]
[EventDate "2016.10.15"]
[EventType "swiss"]
[EventRounds "9"]
[EventCountry "RUS"]

1. e4 e5 2. Nf3 Nf6 3. d3 Nc6 4. Be2 d5 5. Nbd2 Bc5 6. O-O O-O 7. c3 a5 8. b3
Re8 9. a3 d4 10. c4 Bf8 11. g3 g6 12. Nh4 Bg7 13. Ng2 Nd7 14. f4 exf4 15. gxf4
f5 16. exf5 gxf5 17. Bb2 Nf6 18. Bf3 Be6 19. Re1 Qd7 20. Nf1 Bf7 21. Ng3 Rxe1+
22. Qxe1 Re8 23. Qd2 Ng4 24. Re1 Ne3 25. Nf1 Nxf1 26. Kxf1 b6 27. Qf2 Ne7 28.
Qg3 Ng6 29. Rxe8+ Qxe8 30. Qg5 Qd7 31. Ne1 h6 32. Qg3 Qd6 33. Bc1 b5 34. Be2
Kh7 35. Qf3 c6 36. Ng2 Bf6 37. cxb5 cxb5 38. Qh5 Qd7 39. Qf3 Bxb3 40. Bd2 Bd5
41. Qh5 b4 42. axb4 axb4 43. Ne1 b3 44. Bd1 b2 45. Bc2 Ba2 46. Qd1 Qb7 47. Qh5
Qb5 48. Nf3 b1=Q+ 49. Bxb1 Bxb1 50. Ne5 Bxe5 51. fxe5 Qxd3+ 52. Ke1 f4 53. Bxf4
Qe4+ 0-1

[Event "Chigorin Memorial"]
[Site "St Petersburg"]
[Date "2016.10.21"]
[Round "7.65"]
[White "Ponfilenok, Vladimir"]
[Black "Puraev, Artemiy"]
[Result "1-0"]
[WhiteElo "2390"]
[BlackElo "2204"]
[PlyCount "47"]
[EventDate "2016.10.15"]
[EventType "swiss"]
[EventRounds "9"]
[EventCountry "RUS"]

1. d4 d5 2. Nf3 Nf6 3. c4 e6 4. g3 Bb4+ 5. Bd2 Bd6 6. Nc3 c6 7. Qc2 Nbd7 8. e4
dxe4 9. Nxe4 Nxe4 10. Qxe4 O-O 11. Bd3 Nf6 12. Qh4 Be7 13. O-O-O b5 14. c5 Bb7
15. g4 g6 16. Qg3 Nd5 17. g5 Qc7 18. Ne5 f6 19. gxf6 Bxf6 20. h4 Kh8 21. h5 g5
22. Bxg5 Bxg5+ 23. Qxg5 Qe7 24. Qh6 1-0

[Event "Chigorin Memorial"]
[Site "St Petersburg"]
[Date "2016.10.21"]
[Round "7.66"]
[White "Martynov, Pavel"]
[Black "Anchutin, Nikita"]
[Result "0-1"]
[WhiteElo "2374"]
[BlackElo "2198"]
[PlyCount "108"]
[EventDate "2016.10.15"]
[EventType "swiss"]
[EventRounds "9"]
[EventCountry "RUS"]

1. Nf3 d5 2. g3 Nf6 3. Bg2 c6 4. O-O Bf5 5. d3 h6 6. Nc3 e6 7. Nd2 Nbd7 8. e4
Bh7 9. f4 dxe4 10. dxe4 Be7 11. Qe2 O-O 12. Nc4 b5 13. Nd2 Nc5 14. Kh1 Qc7 15.
Nb3 Rad8 16. g4 Nfd7 17. e5 b4 18. Nd1 a5 19. Nxc5 Bxc5 20. Nf2 Nb6 21. Ne4 Be7
22. Be3 Nd5 23. Bg1 c5 24. Rae1 Rd7 25. Ng3 Bh4 26. f5 Rdd8 27. Rd1 Ne7 28. f6
gxf6 29. exf6 Nd5 30. Nh5 Bg6 31. Bf2 Bxf2 32. Qxf2 Qe5 33. Rde1 Qd4 34. Qh4
Qd2 35. Re5 Ne3 36. Nf4 Kh7 37. Re1 Nxg2 38. Nxg2 Rd4 39. h3 Qxc2 40. Ne3 Qd2
41. Rxc5 Rf4 42. Kg1 Qxb2 43. Qg3 Qd4 44. Rc4 Qxc4 45. Nxc4 Rxc4 46. Qd6 Rfc8
47. Rxe6 a4 48. Re3 Rc3 49. Qd4 Rxe3 50. Qxe3 b3 51. axb3 a3 52. Qa7 a2 53. Kg2
Rc1 54. Qxa2 Rc2+ 0-1

[Event "Chigorin Memorial"]
[Site "St Petersburg"]
[Date "2016.10.21"]
[Round "7.67"]
[White "Sutormin, Danila"]
[Black "Janiashvili, Irakli"]
[Result "1-0"]
[WhiteElo "2363"]
[BlackElo "2171"]
[PlyCount "72"]
[EventDate "2016.10.15"]
[EventType "swiss"]
[EventRounds "9"]
[EventCountry "RUS"]

1. e4 e6 2. d4 d5 3. Nd2 Nf6 4. e5 Nfd7 5. Bd3 c5 6. c3 b6 7. Ne2 Ba6 8. Bxa6
Nxa6 9. O-O Be7 10. f4 O-O 11. Nf3 Nc7 12. Qe1 Qc8 13. Ng3 f5 14. exf6 Bxf6 15.
Be3 Qa6 16. Qd2 Rac8 17. Ne5 Bxe5 18. fxe5 cxd4 19. Rxf8+ Nxf8 20. cxd4 Ne8 21.
Qf2 Ng6 22. Rf1 Rc7 23. h4 h5 24. Nxh5 Qb7 25. Qg3 Ne7 26. Rf3 Nf5 27. Qg6 Qc6
28. Bf2 Rf7 29. Kh2 Nh6 30. Rxf7 Nxf7 31. Nf6+ Kf8 32. Nh7+ Kg8 33. Be3 Nc7 34.
h5 Nh8 35. Nf6+ Kf8 36. Qh7 Nf7 1-0

[Event "Chigorin Memorial"]
[Site "St Petersburg"]
[Date "2016.10.21"]
[Round "7.68"]
[White "Sergienko, Sergey"]
[Black "Yeritsyan, Aram"]
[Result "1-0"]
[WhiteElo "2361"]
[BlackElo "2114"]
[PlyCount "87"]
[EventDate "2016.10.15"]
[EventType "swiss"]
[EventRounds "9"]
[EventCountry "RUS"]

1. Nf3 d5 2. g3 Nc6 3. c4 d4 4. Bg2 e5 5. d3 Be7 6. O-O Nf6 7. b4 Nd7 8. b5
Ncb8 9. Nbd2 O-O 10. a4 a5 11. Nb3 c5 12. bxc6 Nxc6 13. Ba3 Bxa3 14. Rxa3 Qe7
15. Ra1 Nc5 16. Nxc5 Qxc5 17. Qd2 Bd7 18. Ne1 b6 19. Nc2 Rad8 20. Rfb1 Na7 21.
Ne1 Rb8 22. Qb2 Nc8 23. Qa3 Nd6 24. Bd5 Qc7 25. Qb3 Qc5 26. Nf3 Rfe8 27. Qb2
Bc6 28. Bxc6 Qxc6 29. Ra3 Nc8 30. Rb3 Re6 31. Rb5 f6 32. Rxa5 Nd6 33. Ra6 Nc8
34. Qb5 Qxb5 35. Rxb5 Rc6 36. a5 Kf7 37. Nd2 Rc5 38. Raxb6 Nxb6 39. Rxc5 Nd7
40. Rb5 Ra8 41. Nb3 Rc8 42. Rb7 Ke8 43. a6 Ra8 44. a7 1-0

[Event "Chigorin Memorial"]
[Site "St Petersburg"]
[Date "2016.10.21"]
[Round "7.69"]
[White "Ofitserian, Boris"]
[Black "Rudenko, Naum"]
[Result "1-0"]
[WhiteElo "2351"]
[BlackElo "2102"]
[PlyCount "95"]
[EventDate "2016.10.15"]
[EventType "swiss"]
[EventRounds "9"]
[EventCountry "RUS"]

1. d4 d5 2. c4 c6 3. Nf3 Nf6 4. g3 Bf5 5. Nc3 e6 6. Nh4 Bg4 7. h3 Bh5 8. g4 Bg6
9. Qb3 Qb6 10. Nxg6 hxg6 11. Bg2 Nbd7 12. Bf4 Be7 13. c5 Qxb3 14. axb3 a6 15.
b4 O-O 16. e3 Rfe8 17. Bg3 Nh7 18. Kd2 Bf6 19. f4 g5 20. Kd3 gxf4 21. exf4 g5
22. fxg5 Nxg5 23. h4 Nh7 24. g5 Bh8 25. Bh3 Nhf8 26. Nd1 e5 27. Ne3 exd4 28.
Nf5 Ng6 29. h5 Nge5+ 30. Kc2 Nc4 31. Rae1 d3+ 32. Kxd3 Nde5+ 33. Bxe5 Nxe5+ 34.
Ke2 a5 35. Nd6 Re7 36. Nf5 Ree8 37. Nd6 Reb8 38. b5 Nc4 39. b3 Nxd6 40. cxd6
Re8+ 41. Kd3 Rxe1 42. Rxe1 cxb5 43. Bc8 Rxc8 44. d7 Rc3+ 45. Kd2 Rxb3 46. d8=Q+
Kh7 47. g6+ fxg6 48. hxg6+ 1-0

[Event "Chigorin Memorial"]
[Site "St Petersburg"]
[Date "2016.10.21"]
[Round "7.70"]
[White "Fukson, Sofija"]
[Black "Chashchev, Sergey"]
[Result "0-1"]
[WhiteElo "2069"]
[BlackElo "2349"]
[PlyCount "68"]
[EventDate "2016.10.15"]
[EventType "swiss"]
[EventRounds "9"]
[EventCountry "RUS"]

1. d4 d6 2. Nf3 f5 3. Bf4 Nf6 4. h3 g6 5. e3 Bg7 6. Nbd2 O-O 7. c3 h6 8. Bd3
Nc6 9. Qe2 Qe8 10. Bh2 e5 11. dxe5 dxe5 12. Bb5 e4 13. Ne5 Kh7 14. Nxc6 bxc6
15. Bc4 Nd5 16. O-O Rb8 17. Nb3 Be5 18. Bxe5 Qxe5 19. Nd4 Bd7 20. Rfe1 Nf6 21.
Rad1 g5 22. Qc2 c5 23. Nb3 Bc6 24. Na5 Be8 25. Rd2 h5 26. Red1 g4 27. g3 h4 28.
Kg2 gxh3+ 29. Kxh3 hxg3 30. fxg3 Ng4 31. Re2 Kg6 32. Kg2 Rh8 33. Rg1 Rh2+ 34.
Kf1 Nxe3+ 0-1

[Event "Chigorin Memorial"]
[Site "St Petersburg"]
[Date "2016.10.21"]
[Round "7.71"]
[White "Bronstein, Or"]
[Black "Lazhevskaya, Zhanni"]
[Result "1-0"]
[WhiteElo "2348"]
[BlackElo "2065"]
[PlyCount "183"]
[EventDate "2016.10.15"]
[EventType "swiss"]
[EventRounds "9"]
[EventCountry "RUS"]

1. c4 e5 2. Nc3 d6 3. g3 Be6 4. Bg2 c6 5. d3 Nf6 6. Nf3 h6 7. O-O Be7 8. e4 Qd7
9. Re1 O-O 10. b3 Bg4 11. d4 Qe6 12. Bb2 Nh7 13. d5 Qd7 14. dxc6 bxc6 15. Ba3
Qe6 16. Qd2 Na6 17. h4 Rad8 18. Nh2 Bh3 19. Bf3 g5 20. h5 g4 21. Bd1 Ng5 22.
Be2 Nc7 23. Qc2 Ne8 24. Bd1 Ng7 25. Bc1 Nxh5 26. Be3 Ng7 27. Bxa7 c5 28. Nd5 h5
29. Bb6 Rb8 30. Qd2 f5 31. Bc7 Nxe4 32. Rxe4 fxe4 33. Nxe7+ Qxe7 34. Bxb8 Rxb8
35. Qd5+ Qf7 36. Bc2 Qxd5 37. cxd5 e3 38. fxe3 Ne8 39. Bf5 Kf7 40. Rc1 Nc7 41.
Bd3 Rb4 42. Rc2 e4 43. Bc4 Ne8 44. a4 Rb7 45. Ra2 Kf6 46. Rf2+ Ke5 47. Rf8 Nf6
48. Rh8 Ra7 49. Nf1 Bxf1 50. Kxf1 Kf5 51. Bb5 Ke5 52. Bc6 Rf7 53. Ke2 Ra7 54.
Kd2 Ra5 55. Kc2 Ra7 56. Kb2 Nh7 57. Rg8 Kf5 58. Kc3 Nf6 59. Rh8 Nh7 60. Rg8 Nf6
61. Rh8 Nh7 62. Rd8 Nf6 63. Kd2 Ke5 64. Rh8 Kf5 65. Ke2 Ke5 66. Kf2 Rf7 67. Kg2
Ra7 68. Kg1 Ra5 69. Rh6 Ra7 70. Rh8 Ra5 71. Kf2 Ra7 72. Ke1 Ra5 73. Kd1 Ra7 74.
Rh6 Ra5 75. Rg6 Kf5 76. Rg7 Ra6 77. Kc2 Rb6 78. Kc3 Ra6 79. Kc4 Ra5 80. Bb7 Ne8
81. Rg8 Nc7 82. Rc8 Na6 83. Ra8 h4 84. gxh4 g3 85. Rg8 Nb4 86. Rxg3 Ra7 87.
Bc8+ Kf6 88. Rg4 Re7 89. h5 Rh7 90. Rxe4 Rxh5 91. Re6+ Kf7 92. Rxd6 1-0

[Event "Chigorin Memorial"]
[Site "St Petersburg"]
[Date "2016.10.21"]
[Round "7.72"]
[White "Yandarbiev, Ruslan"]
[Black "Pryalukhin, Danila"]
[Result "1-0"]
[WhiteElo "2342"]
[BlackElo "2019"]
[PlyCount "91"]
[EventDate "2016.10.15"]
[EventType "swiss"]
[EventRounds "9"]
[EventCountry "RUS"]

1. e4 c5 2. Nf3 d6 3. d4 cxd4 4. Nxd4 Nf6 5. Nc3 a6 6. Be2 e5 7. Nb3 Be6 8. O-O
Be7 9. Be3 O-O 10. Qd3 Nbd7 11. Nd5 Bxd5 12. exd5 Ne8 13. c4 b6 14. Qd2 f5 15.
f4 g5 16. g3 gxf4 17. gxf4 e4 18. Nd4 Ng7 19. Kh1 Bf6 20. Rg1 Kh8 21. Rg3 Qe7
22. Rag1 Rg8 23. b4 a5 24. a3 axb4 25. axb4 Qf7 26. Qd1 Ne5 27. fxe5 dxe5 28.
Ne6 f4 29. Nxf4 exf4 30. Bxf4 Ra1 31. Qd2 Rxg1+ 32. Rxg1 Nf5 33. Rxg8+ Qxg8 34.
Qe1 Bd4 35. h3 Qg6 36. Bg4 h5 37. Bd1 Nh4 38. Qg3 Qxg3 39. Bxg3 Nf5 40. Bc7 Ne3
41. Be2 Kg7 42. d6 Be5 43. Bxb6 Nf5 44. d7 Bf6 45. Kg2 Nd6 46. d8=Q 1-0

[Event "Chigorin Memorial"]
[Site "St Petersburg"]
[Date "2016.10.21"]
[Round "7.73"]
[White "Utiatskaja, Irina"]
[Black "Zarubitski, Viachaslau"]
[Result "1-0"]
[WhiteElo "2123"]
[BlackElo "2340"]
[PlyCount "43"]
[EventDate "2016.10.15"]
[EventType "swiss"]
[EventRounds "9"]
[EventCountry "RUS"]

1. e4 c5 2. Nf3 e6 3. d4 cxd4 4. Nxd4 Nc6 5. Nc3 Qc7 6. Be3 a6 7. Qf3 Bd6 8.
O-O-O Be5 9. g3 b5 10. Bf4 Nxd4 11. Rxd4 d6 12. Bxe5 dxe5 13. Bxb5+ axb5 14.
Nxb5 Qe7 15. Rc4 Kf8 16. Rd1 Nf6 17. Rc7 Bd7 18. Na7 Kg8 19. Nc6 Qe8 20. Nxe5
Rxa2 21. Rdxd7 Nxd7 22. Rc8 1-0